Report (Record no. 696622)

MARC details
000 -LEADER
fixed length control field 00795nam a2200253Ia 4500
003 - CONTROL NUMBER IDENTIFIER
control field OSt
005 - DATE AND TIME OF LATEST TRANSACTION
control field 20220927110420.0
008 - FIXED-LENGTH DATA ELEMENTS--GENERAL INFORMATION
fixed length control field 220926b |||||||| |||| 00| 0 eng d
037 ## - SOURCE OF ACQUISITION
Terms of availability Reports
040 ## - CATALOGING SOURCE
Original cataloging agency RTL
Transcribing agency RTL
Language of cataloging eng
041 ## - LANGUAGE CODE
Source of code eng
Language code of text/sound track or separate title eng
110 ## - MAIN ENTRY--CORPORATE NAME
Corporate name or jurisdiction name as entry element Govt of Burma. Agriculture (Committee on--) (1925) (Chairman : J Mackenna
9 (RLIN) 378118
245 #0 - TITLE STATEMENT
Title Report
260 ## - PUBLICATION, DISTRIBUTION, ETC.
Place of publication, distribution, etc. Burma
Name of publisher, distributor, etc. Govt Printidng
Date of publication, distribution, etc. 1925
300 ## - PHYSICAL DESCRIPTION
Extent "ii, 38p."
Dimensions cm.
650 ## - SUBJECT ADDED ENTRY--TOPICAL TERM
Topical term or geographic name entry element Agricultural Industry
700 ## - ADDED ENTRY--PERSONAL NAME
Personal name Govt of Burma. Agriculture (Committee on--) (1925) (Chairman : J Mackenna
9 (RLIN) 378119
942 ## - ADDED ENTRY ELEMENTS (KOHA)
Classification part "X9(J).438.N25t, F5/GD"
Koha item type
Holdings
Withdrawn status Lost status Damaged status Not for loan Home library Current library Date acquired Total Checkouts Full call number Barcode Date last seen Price effective from Koha item type
        Ratan Tata Library Ratan Tata Library 2022-09-27   "X9(J).438.N25t F5/GD" RT0016912 2022-09-27 2022-09-27  
Copyright @ Delhi University Library System